Регионална библиотека "Любен Каравелов" - Русе

Йога (Запис номер 127273)

MARC детайли
000 -Лидер
Контролно поле с фиксирана дължина 02118nam a2200445 c 4500
003 - Код на организацията, давaща контролен номер
Контролно поле BLK
005 - Дата и час на последна редакция
Контролно поле 20180420232048.0
008 - Елементи от данни с фиксирана дължина
fixed length control field 180409b bul|||||r ||||||| ||bul||
010 ## - Наследен системен номер
LC control number KNG00132975000
020 ## - Международен стандартен номер на книга ISBN
Международен стандартен номер на книга ISBN 978-954-92610-3-5
-- издат.: Бълг. йога асоц. - на том(ч. 1)
040 ## - Източник на каталожния запис
Идентификатор на билиотеката - собственик на записа BLK
041 ## - Код за език
Код за езика на текст/звукозапис или на отделно заглавие Български
Код за езика КДБФ Български
072 #7 - Код за тематичната категория
Код организация bullib
Код за тематична категория Л09
Текст Лечебна гимнастика, йога, цигун, мудри, каланетика и др.
072 #7 - Код за тематичната категория
Код организация bullib
Код за тематична категория Н20
Текст Религия. Теология Н
080 ## - УДК
Текстов определител УДК Йога
УДК код - определител по УДК 294.527
УДК определител (02.062)
УДК - код + определител 294.527(02.062)
080 ## - УДК
Текстов определител УДК Особености на духовния живот. Съзнание. Духовно развитие на човека. Диференциална психология. Генетична психология. Еволюционна психология
УДК код - определител по УДК 159.922
УДК определител (02.062)
УДК - код + определител 159.922(02.062)
100 1# - Редна дума - Автор
Автор свами Шивамурти Сарасвати
Авторска отговорност първи автор
R(LIN) 273292
139 ## - Редно поле
Редна дума Шивамурти Сарасвати, свами
Авторски знак Шив - Ш 61
245 10 - Сведения за заглавието
Заглавие Йога
Подзаглавни данни В търсене на отговори : Ч. 1 -
Редно поле (дума) * свами Шивамурти Сарасвати; свами Шивамурти Сарасвати.
Том Ч. 1
257 ## - Страна на издаване
Страна на създаване/издаване Австралия
260 ## - Област на издателските данни
-- София
Година на издаване 2011 -
Печатница София : Вулкан 4
300 ## - Физическа характеристика
Размери/Мащаб 24 см
380 ## - Жанр
Жанр Религия. Теология
500 ## - Общи забележки
Забележка Без сведение за ориг. загл.
650 #4 - Допълнително описание по предмет – тема
Основно описание – тема или топоним Йога
9 (RLIN) 158023
650 #4 - Допълнително описание по предмет – тема
Основно описание – тема или топоним Медитация
9 (RLIN) 161599
650 #4 - Допълнително описание по предмет – тема
Основно описание – тема или топоним Личност - психология
9 (RLIN) 243160
653 ## - Ключова дума – ненормативна
Ключова дума йога
653 ## - Ключова дума – ненормативна
Ключова дума психология на личността
653 ## - Ключова дума – ненормативна
Ключова дума медитация
659 ## - Тематичен бюлетин
Тематичен бюлетин Л
659 ## - Тематичен бюлетин
Тематичен бюлетин Н
700 1# - Други автори (авторска отговорност)
Лично име Шивамурти Сарасвати, свами
Автороска отговорност (Описва отношението между автора и произведението) *
9 (RLIN) 273291
760 1# - Описание на основната серия
-- - на том(ч. 1)
Редна дума на основното описание свами Шивамурти Сарасвати
Място на издаване, издател и година Бълг. йога асоц., 2011
Страници - том 216 с.
Заглавие Ч. 1
852 ## - Местоположение
Форматна сигнатура Цб 255995
856 4# - Електронен адрес и достъп
Електронен формат pdf - файл
Път до файла /url/
856 4# - Електронен адрес и достъп
Електронен формат pdf - файл
Път до файла /url/
942 ## - АРТИКУЛИ
Вид на библиотечния материал Книги
Скрит в OPAC Не
944 ## - СЪЗДАВАНЕ И РЕДАКЦИЯ на ЗАПИСА
Създаване/Редакция Създаване
Дата на регистрацията/редакция 20.08.2012
Служител, извършил регистрацията/редакцията Виолета_Тройчева
944 ## - СЪЗДАВАНЕ И РЕДАКЦИЯ на ЗАПИСА
Създаване/Редакция Редакция
Дата на регистрацията/редакция 07.09.2015
Служител, извършил регистрацията/редакцията Виолета_Тройчева
999 ## - СИСТЕМНИ КОНТРОЛНИ НОМЕРА
Koha biblionumber 127273
Koha biblioitemnumber 127273
Наличности
Код за отписване Код за изгубен артикул Код за повреда Коз за рестрикции Код за отдаване Артикулен № Име на библиотеката - собственик Име на библиотеката, в която се намира в момента Статус (Текущо местоположение) Дата на вписване в системата Местоположение - отдел Цена в лева Инвентарен номер Систематично азбучна сигнатура Баркод Номер на екземпляра Цена в евро Служебна бележка Служебен тип на артикула
  Не е изгубен Не е повреден без рестрикции ползва се в читалня 207051 Регионална библиотека "Любен Каравелов" Русе Регионална библиотека "Любен Каравелов" Русе Хранилище 2012-08-20 Хранилище 18.00 120000759307 Цб 255995 120000759307 1 9.20 Дост: Dp Вид: Д N: 27 Дата: 04.07.2011 Книги
Vip Innovations Ltd, Rousse, Bulgaria 2025